Анализ производительности станов для бурения веера подземных скважин; Физико-технические проблемы разработки полезных ископаемых; № 3

Detalles Bibliográficos
Parent link:Физико-технические проблемы разработки полезных ископаемых/ Сибирское отделение АН СССР.— , 1965-
№ 3.— 1971.— С. 127-129
Outros autores: Горбунов В. Ф. Валерий Федорович, Саруев Л. А. Лев Алексеевич, Кашкаров Г. М., Гуреев В. И.
Idioma:ruso
Publicado: 1971
Subjects:
Formato: MixedMaterials Capítulo de libro
KOHA link:https://koha.lib.tpu.ru/cgi-bin/koha/opac-detail.pl?biblionumber=422489

MARC

LEADER 00000naa2a2200000 4500
001 422489
005 20231101073801.0
035 |a (RuTPU)RU\TPU\prd\80373 
035 |a RU\TPU\tpu\11199 
090 |a 422489 
100 |a 20100415a1971 k y0rusy50 ca 
101 0 |a rus 
102 |a RU 
200 1 |a Анализ производительности станов для бурения веера подземных скважин  |f В. Ф. Горбунов [и др.] 
320 |a Библиогр.: 3 назв. 
461 1 |0 (RuTPU)RU\TPU\prd\411  |t Физико-технические проблемы разработки полезных ископаемых  |f Сибирское отделение АН СССР  |d 1965- 
463 1 |0 (RuTPU)RU\TPU\prd\4684  |t № 3  |v С. 127-129  |d 1971 
610 1 |a подземные скважины 
610 1 |a производительность 
610 1 |a бурение 
610 1 |a станки 
610 1 |a труды учёных ТПУ 
701 1 |a Горбунов  |b В. Ф.  |c российский ученый, специалист в области горной механики  |c профессор Томского политехнического университета  |f 1926-  |g Валерий Федорович  |2 stltpush  |3 (RuTPU)RU\TPU\pers\19777 
701 1 |a Саруев  |b Л. А.  |c физик  |c профессор Томского политехнического университета, доктор технических наук  |f 1940-  |g Лев Алексеевич  |2 stltpush  |3 (RuTPU)RU\TPU\pers\19862 
701 1 |a Кашкаров  |b Г. М. 
701 1 |a Гуреев  |b В. И. 
801 1 |a RU  |b 63413507  |c 20030710  |g PSBO 
801 2 |a RU  |b 63413507  |c 20160602  |g RCR 
942 |c BK